When nature goes public : the making and unmaking of bioprospecting in Mexico /
Guardado en:
| Hovedforfatter: | |
|---|---|
| Format: | Ukendt |
| Sprog: | Spanish English |
| Udgivet: |
Princeton :
Princeton University Press,
c2003.
|
| Fag: | |
| Tags: |
Tilføj Tag
Ingen Tags, Vær først til at tagge denne postø!
|
MARC
| LEADER | 000000000a22000000004500 | ||
|---|---|---|---|
| 001 | 015490 | ||
| 008 | 180208b xxu||||| |||| 00| 0 spa d | ||
| 020 | |a 0691095574 | ||
| 041 | 0 | |a eng | |
| 082 | 0 | 4 | |a 333.95 |b H414w |
| 100 | 1 | |a Hayden, Cori, |d 1970- | |
| 245 | 1 | 0 | |a When nature goes public : |b the making and unmaking of bioprospecting in Mexico / |c Cori Hayden. |
| 260 | 1 | |a Princeton : |b Princeton University Press, |c c2003. | |
| 300 | |a xv, 284 páginas : |b ilustraciones ; |c 24 cm. | ||
| 500 | |a Donación George Yúdice | ||
| 650 | 4 | |a PLANTAS MEDICINALES | |
| 650 | 4 | |a MEXICO | |
| 650 | 4 | |a BOTANICA | |
| 650 | 4 | |a INDUSTRIA FARMACEUTICA | |
| 650 | 4 | |a ETNOCIENCIA | |
| 650 | 4 | |a PROPIEDAD INTELECTUAL | |
| 650 | 4 | |a PUEBLOS INDIGENAS | |
| 650 | 4 | |a ASPECTOS JURIDICOS, LEGALES, ETC | |
| 650 | 4 | |a PLANTA DE CONSERVACION DE LA DIVERSIDAD | |
| 650 | 4 | |a RECURSOS GENETICOS DE CONSERVACION | |
| 942 | |c BK |2 ddc | ||
| 999 | |c 21339 |d 21339 | ||



